02123nam a2200337 a 4500003000700000005001700007008004100024020001800065040002500083050001500108100003800123245014500161260003300306300003100339336002800370337003000398338002700428500089300455650002801348650002901376650003301405650004801438650002001486650003201506650003601538700003301574700003701607942001301644999001701657952011101674CBULib20250221094501.0161102s2013 ||||||||||||||||| || u a9780230761360 bEnglishcCBULiberda aHD 31 Gov  aGovindarajan, Vijay94429eauthor11aHow Stella saved the farm : a tale about making innovation happenc/ by Vijay Govindarajan and Chris Trimble ; illustrated by Keny Widjaja. aNew York :bMacmillan,c2013 a160 pages : illusterations 2rdacontentaText |btxt 2rdamediaaUnmediated |bn 2rdacarrieraVolumebnc aInspired by George Orwell's Animal Farm and the international bestseller Our Iceberg is Melting, How Stella Saved the Farm is a simple parable about embracing change and managing innovation in difficult times. Bankruptcy, or the grim prospect of being acquired by a hostile human competitor, threatens Windsor Farm. But when a young sheep called Stella comes up with a bold idea, will the other animals be able to respond to her ambitious call to action? Grounded in over a decade of academic research, How Stella Saved the Farm will resonate for organizations of all types, from global corporations to small companies looking to embrace change. With eight simple lessons to guide new initiatives to success, it prepares readers to avoid some of innovation's most toxic myths, how to build the right kind of team, and how to take their business to the next level in a fast-changing world. 0aCREATIVE THINKING94432 0aSTRATEGIC PLANNING93059 0aDIFFUSION OF INNOVATIONS955 0aTECHNOLOGICAL INNOVATIONS--MANAGEMENT94433 0aMANAGEMENT9412 0aORGANIZATIONAL CHANGE94434 0aORGANIZATIONAL INNOVATION94435 aTrimble, Chris94430eauthor aWidjaja, Keny94431eillustrator 2lccc002 c31711d31711 00102lcc4070a001b001cGENd2022-11-30l2oHD 31 Gov p747299r2025-05-16s2025-05-12w2022-11-30y002